Pays ayant le français comme langue officielle - Statistiques

Statistiques générales
  • Ce quiz a été pris 426 fois
  • Le résultat moyen est 4 sur 27
Answers on the Grid
Answers color-coded by a green-red scale on the quiz's grid according to % correct below.
Belgique
Bénin
Burkina Faso
Burundi
Cameroun
Canada
République Centrafricaine
Tchad
Comores
R.D. Congo
République du Congo
Djibouti
Guinée Equatoriale
France
Gabon
Guinée
Haïti
Côte d'Ivoire
Luxembourg
Madagascar
Monaco
Niger
Rwanda
Sénégal
Seychelles
Suisse
Togo
Vanuatu
Algérie
Andorre
Botswana
Cambodge
Cap-Vert
Erythrée (de facto)
Ethiopie (de facto)
Micronésie
Fidji
Gambie
Guinée-Bissau
Guyana
Irak
Kenya
Laos
Liban
Libye
Mali
Mauritanie
Maurice (de facto)
Maroc
Nigeria
Oman
Saint-Christophe-et-Niévès
Samoa
Soudan
Soudan du Sud
Syrie
Tonga
Tunisie
Vatican
Yemen
 
Statistiques - réponses
Réponse % Correct
France
47%
Suisse
34%
Monaco
33%
Luxembourg
32%
Belgique
31%
Canada
23%
Côte d'Ivoire
22%
R.D. Congo
20%
Sénégal
20%
Madagascar
18%
Bénin
17%
Cameroun
17%
République du Congo
15%
Gabon
14%
Haïti
13%
Togo
11%
Djibouti
9%
République Centrafricaine
9%
Comores
8%
Niger
8%
Tchad
8%
Guinée
7%
Burundi
6%
Seychelles
6%
Vanuatu
5%
Rwanda
4%
Guinée Equatoriale
2%
Aucun quiz correspondant
Distribution des résultats
% des personnes avec chaque résultat
Percentile par nombre de réponses
Votre historique - résultats
Vous n’avez pas pris ce quiz